| 000 | 00471nam a22001697a 4500 | ||
|---|---|---|---|
| 005 | 20240108101100.0 | ||
| 008 | 220209b ||||| |||| 00| 0 eng d | ||
| 020 | _a978-93-87686-81-6 | ||
| 041 | _aeng | ||
| 082 | _a615.19 | ||
| 100 |
_aTIWARI, DR. ABHISHEK AND UPMANYU Dr. NEERAJ _98268 |
||
| 245 | _aA TEXT BOOK OF PHARMACEUTICAL ORGANIC CHEMISTRY-II [SEM-II] | ||
| 260 |
_aPUNE _b NIRALI PRAKASHAN |
||
| 300 | _a5.20;p | ||
| 650 |
_aPHARMACY _xB.PHARMA |
||
| 942 | _cBK | ||
| 999 |
_c7879 _d7877 |
||